La población de Barcelona en 1863 y 1960 / (Record no. 136609)

MARC details
000 -LEADER
campo de control de longitud fija 00541nam a2200181 i 4500
001 - NÚMERO DE CONTROL
campo de control 136609
003 - IDENTIFICADOR DE NÚMERO DE CONTROL
campo de control ES-MaACL
005 - FECHA Y HORA DE LA ÚLTIMA TRANSACCIÓN
campo de control 20230906195159.0
007 - CAMPO FIJO DE DESCRIPCIÓN FÍSICA--INFORMACIÓN GENERAL
campo de control de longitud fija t|
008 - DATOS DE LONGITUD FIJA--INFORMACIÓN GENERAL
campo de control de longitud fija 070214s1968 sp r ||||1| spa d
100 1# - ENTRADA PRINCIPAL--NOMBRE DE PERSONA
Nombre de persona Sáez, Armando.
9 (RLIN) 101346
245 13 - MENCIÓN DEL TÍTULO
Título La población de Barcelona en 1863 y 1960 /
Mención de responsabilidad, etc. Armando Sáez Buesa.
260 ## - PUBLICACIÓN, DISTRIBUCIÓN, ETC.
Lugar de publicación, distribución, etc. Madrid :
Nombre del editor, distribuidor, etc. Moneda y Crédito,
Fecha de publicación, distribución, etc. 1968.
300 ## - DESCRIPCIÓN FÍSICA
Extensión 95 p. :
Otras características físicas il. ;
Dimensiones 23 cm.
500 ## - NOTA GENERAL
Nota general Precede al Tit : Banco Urquijo.
710 2# - ENTRADA AGREGADA--NOMBRE DE ENTIDAD CORPORATIVA
Nombre de entidad corporativa o nombre de jurisdicción como elemento de entrada Banco Urquijo.
9 (RLIN) 2138
852 ## - LOCALIZACIÓN
Ubicación ES-MaACL
Número de control de estantería C-37100
Sublocalización o colección R.67257
Holdings
Estatus retirado Estado de pérdida Estado de daño No para préstamo Biblioteca de origen Biblioteca actual Ubicación en estantería Fecha de adquisición Fuente de adquisición Total de préstamos Signatura topográfica completa Código de barras Visto por última vez Precio de reemplazo Tipo de ítem Koha
        Biblioteca del Ateneo de Madrid Biblioteca del Ateneo de Madrid Depósito 2 17/01/2008     C-37100 1142172 23/02/2023 23/02/2023 Libro impreso